000 00419nam a2200121Ia 4500
008 220620s9999||||xx |||||||||||||| ||und||
100 _aMiles, Steven
245 4 _aThe Experience Society
_bHow Consumer Capitalism Reinvented Itself
546 _aEnglish[eng]
650 _aBusiness & Economics||Consumer Behavior
856 _uhttps://library.oapen.org/bitstream/20.500.12657/43937/1/external_content.epub
942 _cEB
999 _c32701
_d32701